Entry Título uniforme
001 - NÚMERO DE CONTROL
- campo de control: 234951
003 - IDENTIFICADOR DE NÚMERO DE CONTROL
- campo de control: SpMaBN
005 - FECHA Y HORA DE LA ÚLTIMA TRANSACCIÓN
- campo de control: 20250807002554.0
008 - ELEMENTOS DE DATO DE LONGITUD-FIJA
- campo de control de longitud fija: 181226n azznnaaan a ana
040 ## - FUENTE DE CATALOGACIÓN
- Centro catalogador/agencia de origen: SpMaBN
- Lengua de catalogación: spa
- Centro/agencia transcriptor: SpMaBN
- Normas de descripción: rdc
- Convención/Normas de encabezamiento de materia/tesauro: embne
130 #0 - ENCABEZAMIENTO--TÍTULO UNIFORME
- Título uniforme: Libro de horas de Carlos V
380 ## - FORMA DE LA OBRA
- Forma de la obra: Libros de horas
- Forma de la obra: Manuscritos
- Fuente del término: tgfbne
410 2# - TRAZADO DE VÉASE--NOMBRE DE ENTIDAD CORPORATIVA
- Nombre de entidad corporativa o nombre de jurisdicción como elemento de entrada: Biblioteca Nacional de España
- Subencabezamiento de forma: Manuscrito.
- Número del congreso/reunión o número de parte o sección: Vit. 24-3
670 ## - FUENTE DE DATOS ENCONTRADOS
- Cita de la fuente: Libro de horas de Carlos V, 1999
- Información encontrada: port. (Biblioteca Nacional, Vitr. 24.3)
670 ## - FUENTE DE DATOS ENCONTRADOS
- Cita de la fuente: Libro de horas de Carlos V, 2018
- Información encontrada: p. 10 (Biblioteca nacioal de España Vitr/24/3), p. 28, etc. (hoy en día como Libro de horas de Carlos V, no tenemos constancia de que el manuscrito fuera un encargo del emperador, recibió este nombre desde que fue redescubierto en la catedral de Toledo en 1868; se trata de un manuscrito de origen francés)
